Manchester City Squad 2025-2026 - Statistics

General Stats
  • This quiz has been taken 988 times
    317 since last reset
  • The average score is 25 of 31
Answer Stats
# Position Nation Player % Correct
9 FW Norway Erling Haaland
98%
25 GK Italy Gianluigi Donnarumma
94%
11 FW Belgium Jérémy Doku
93%
7 FW Egypt Omar Marmoush
93%
3 DF Portugal Rúben Dias
93%
16 MF Spain Rodri
91%
47 FW England Phil Foden
90%
10 FW France Rayan Cherki
90%
5 DF England John Stones
89%
8 MF Croatia Mateo Kovačić
89%
6 DF Netherlands Nathan Aké
89%
20 MF Portugal Bernardo Silva
87%
1 GK England James Trafford
87%
24 DF Croatia Joško Gvardiol
87%
- Coach Spain Pep Guardiola
87%
45 DF Uzbekistan Abdukodir Khusanov
85%
4 MF Netherlands Tijjani Reijnders
84%
26 FW Brazil Savinho
83%
42 FW Ghana Antoine Semenyo
81%
27 MF Portugal Matheus Nunes
79%
21 DF Algeria Rayan Aït-Nouri
79%
52 FW Norway Oscar Bobb
78%
14 MF Spain Nico González
76%
18 GK Germany Stefan Ortega
76%
33 MF England Nico O'Reilly
73%
15 DF England Marc Guéhi
71%
82 DF England Rico Lewis
65%
13 GK England Marcus Bettinelli
49%
41 MF Norway Sverre Nypan
41%
44 MF England Kalvin Phillips
37%
68 DF England Max Alleyne
37%
No matching quizzes found
Score Distribution
Percent of People with Each Score
Percentile by Number Answered
Your Score History
You have not taken this quiz since the last reset